Truyện ngắn Hai tập

Đã lưu trong:
Bibliografiske detaljer
Hovedforfatter: Tsekhốp. A
Format: Bog
Tags: Tilføj Tag
Ingen Tags, Vær først til at tagge denne postø!
Thư viện lưu trữ: Mạng thư viện Đại học Đà Nẵng
LEADER 00552nam a2200205 4500
001 000005149
003 1292
005 20150812140844.0
008 110810s sd
100 1 |a Tsekhốp. A 
245 0 0 |a Truyện ngắn  |b Hai tập  |c Tsekhốp. A 
774 |a Tsekhốp. A  |d Văn học  |d H.  |d 1978  |g Tập 2  |h 437 tr  |w 1293 
OWN |a LSP 
999 |a From the UDN01 
TYP |a Monograph 
TYP |a Printed language 
980 |a Mạng thư viện Đại học Đà Nẵng